| 000 | 00475nam a2200181Ia 4500 | ||
|---|---|---|---|
| 003 | GCL | ||
| 008 | 140319s9999 xx 000 0 eng d | ||
| 040 |
_aGCL / _cGCL |
||
| 082 | 0 | 4 |
_a551.46 _bT I |
| 100 | 1 | _aDADGE, RAY | |
| 245 | 1 | 0 |
_aINTRODUCTORY OCEANOGRAPHY / _cDADGE, RAY |
| 700 | 1 | _aVALENTE, JOSEPH | |
| 260 |
_a[S.N] : _bMACMILLAN PUBLISHING COMPANY ، _c1984 |
||
| 650 | 0 | 4 | _aOCEAN |
| 650 | 0 | 4 | _aOCEANOGRAPHY |
| 650 | 0 | 4 | _aOCEANS - ENVIRONMENTAL |
| 942 |
_2ddc _cBK |
||
| 999 |
_c18662 _d18662 |
||